| 000 | 00661cam a22002177a 4500 | ||
|---|---|---|---|
| 005 | 20240913064008.0 | ||
| 008 | 230927b |||||||| |||| 00| 0 spa d | ||
| 020 | _a9681621093 | ||
| 040 |
_aMX-MxUPN _bspa |
||
| 050 | 4 |
_aPQ7297 M37 _bA68 1968 |
|
| 100 | 1 |
_aMagdaleno, Mauricio, _d1906-1986 _929096 |
|
| 245 | 1 | 0 | _aAgua bajo el puente |
| 250 | _aPrimera edición | ||
| 260 |
_aMéxico, D.F.: _bFondo de Cultura Económica, _c1968 |
||
| 300 | _a242 páginas | ||
| 490 | 0 | _aLetras mexicanas | |
| 600 | 1 | 2 |
_aMagdaleno, Mauricio, _d1906-1986 _929096 |
| 650 | 4 |
_97886 _aEnsayos mexicanos |
|
| 902 |
_aLC27092023 _bVíctorGodínez/161023 |
||
| 942 |
_2lcc _cLIBRO |
||
| 999 |
_c210409 _d210409 |
||